| 000 | 00981nab a22002297a 4500 | ||
|---|---|---|---|
| 999 |
_c5748 _d5748 |
||
| 003 | OSt | ||
| 005 | 20260101210458.0 | ||
| 008 | 190514b xxu||||| |||| 00| 0 spa d | ||
| 040 | _cPJ | ||
| 100 |
_96666 _aRodríguez, Daiana F. |
||
| 245 | 1 | 0 |
_aProcedencia de la fijación de cuota alimentaria a cargo de parientes colaterales / _cDaiana F. Rodríguez. |
| 300 | _ap. 198-206 | ||
| 500 | _aCita: TR LALEY AR/DOC/460/2025. | ||
| 505 | _aSumario: I. Introducción.— II. Hechos del caso.— III. Desarrollo. | ||
| 505 | _aFallo comentado: TColeg. Familia Nro. 7, Rosario ~ 05/09/2024 ~ L., V. B. c. P., C. A. s/ alimentos tío paterno. | ||
| 650 | 0 |
_9967 _aDERECHO DE FAMILIA |
|
| 650 | 0 |
_9968 _aALIMENTOS |
|
| 650 | 0 |
_94099 _aCUOTA ALIMENTARIA |
|
| 650 | 0 |
_91057 _aJURISPRUDENCIA APLICABLE |
|
| 773 | 0 |
_02844 _93222 _dBuenos Aires : AbeledoPerrot, 1989- _tDerecho de familia. Revista Interdisciplinaria de doctrina y jurisprudencia. Abril 2025-II. _z18511201 |
|
| 942 |
_2udc _cANA |
||